00919cam a22002415a 4500001001000000003000400010005001700014008004100031020001800072040004000090082002100130245008400151260005200235300003300287504005100320650004000371653002000411700004600431700003300477942000800510999001700518952014200535014674076OSt20180509120447.0080715s2008 enka frb f001 0 eng d a9780521088626 aStDuBDSbengcStDuBDSdUkdEG-ScBUE04a621.399222bOPT00aOptical pattern recognition /cedited by Francis T.S. Yu and Suganda Jutamulia. aCambridge :bCambridge University Press,c2008. axv, 440 p. :bill. ;c24 cm. aIncludes bibliographical references and index. 7aOptical pattern recognition.2BUEsh bENGELCcMay20181 aYu, Francis T. S.,d1932-913263eeditor.1 aJutamulia, Suganda,eeditor. 2ddc c26674d26646 00102ddc40708BaccahaMAINbMAINc1STd2018-05-09ePurchaseg418.00h21201l0o621.399 OPTp000047725r2025-07-15 00:00:00v523.00yBB